000 00256nam a2200121Ia 4500
100 _aGross Charles A
942 _cBK
654 _apower
245 _aPower system Analysis
260 _bJohn Wiley
_aNew York
_c1986
300 _a444
546 _aENGLISH
999 _c21765
_d21765